01683 2200325 4500001002100000005001500021035002000036007000300056008004100059040001200100100011100112245008900223250002000312300003300332020001800365082001100383084001700394264004200411336002100453337003000474338002300504520067500527650002301202700002601225700002801251850001201279990002201291990002201313990002201335INLIS00000000069817820251023102823 a0010-1025000124ta251023 a 0 ind  aJIPUBAY0 aDeborah SeraniePengarangeDeborah SeraniePengarangeDeborah SeraniePengarangeDeborah SeraniePengarang1 aSaat Aku Sedih /cDeborah Serani ; Ilustrator, Kyra Teis ; Penyunting ; Amori eliab aCetakan pertama a40 halaman :bilust ;c20 cm a9786230410567 a398.24 a398.24 DEB s aJakarta :bBhuana Ilmu Populer,c2020 2rdacontentateks 2rdamediaatanpa perantara 2rdacarrieravolume aKecerdasan emosional perlu diajarkan sejak dini. Karena itu, penting untuk mengenalkan apa itu emosi agar anak dapat lebih mengenal perasaannya dan tahu cara untuk bertindak. Seri buku ini akan mengenalkan beragam emosi dengan aktivitas yang menarik bagi anak. Emosi sehari-hari ini akan dijelaskan dengan sederhana. Anak pun dapat memahami emosi melalui cara yang mudah. Mengenali emosi diri menjadi salah satu cara untuk menumbuhkan kesehatan mental yang positif. Anak-anak perlu mengenali emosi agar mereka dapat mengelola dan mengekspresikan dengan tepat, mampu menyelesaikan masalah dengan baik, memiliki kepercayaan diri, memiliki empati, dan manfaat baik lainnya. 4aBacaan anak - anak0 aKyra TeiseIlustrator0 aAmori eliabePenyunting aJIPUBAY a00457/DPKBWI/2025 a00458/DPKBWI/2025 a00459/DPKBWI/2025